| 000 | 00800nam a22002177a 4500 | ||
|---|---|---|---|
| 003 | OSt | ||
| 005 | 20220524101525.0 | ||
| 007 | ta | ||
| 008 | 110301s2019 dr ac 000 0 spa d | ||
| 020 | _a9789945913330 | ||
| 040 |
_aDO-SdBNP _bspa _cBNPHU |
||
| 082 |
_axxxx _bxxx |
||
| 245 | 0 | 0 |
_aMigración, derechos humanos y régimen penitenciario : _bun estudio sobre la poblacion no nacional privada de libertad en el nuevo modelo de gestión penitenciaria / _celaborado por José J. Castillo Javier |
| 260 |
_aSanto Domingo : _bInstituto Nacional de Migración. _c2019. |
||
| 300 |
_a123 p. : _bil., retr. _c23 cm. |
||
| 500 | _aIncluye notas a pie de paginas. | ||
| 590 | _aInventariado, 2022/ YL | ||
| 700 | 1 | 2 |
_aCastillo Javier, José J. _eelab. _981450 |
| 910 | _aYLockward | ||
| 942 |
_2ddc _cLBS1 |
||
| 999 |
_c51527 _d51527 |
||